Normal view
MARC view
- Hass, Joel, Weir, Maurice D, Thomas, George.B
Entry Personal Name
001 - CONTROL NUMBER
- control field: 63902
003 - CONTROL NUMBER IDENTIFIER
- control field: NUST
005 - DATE AND TIME OF LATEST TRANSACTION
- control field: 20210628203207.0
008 - FIXED-LENGTH DATA ELEMENTS
- fixed length control field: 210628|| aca||aabn | a|a d
040 ## - CATALOGING SOURCE
- Original cataloging agency: NUST
- Transcribing agency: NUST
100 ## - HEADING--PERSONAL NAME
- Personal name: Hass, Joel, Weir, Maurice D, Thomas, George.B
670 ## - SOURCE DATA FOUND
- Source citation: Work cat.: (NUST): Hass, Joel, Weir, Maurice D, Thomas, George.B, University calculus, 2007
